| 000 | 00560nam a22001931 4500 | ||
|---|---|---|---|
| 001 | bimo0000921621 | ||
| 003 | OSt | ||
| 005 | 20140129213002.0 | ||
| 008 | 900725s1972 sp spa | ||
| 040 |
_aSpMaBN _cBMC |
||
| 082 | _a843.2 | ||
| 100 | 1 |
_9806 _aGobineau, Arthur _cConde |
|
| 245 | 1 | 3 |
_aLa vida de viaje y otras novelas asiáticas _cConde de Gobineau ; [traducción del francés por Pedro Vances] |
| 260 | 0 |
_aMadrid _bEspasa-Calpe _c1972 |
|
| 300 |
_a144 p. _c18 cm |
||
| 490 | 0 |
_aAustral _v1476 |
|
| 700 | 1 | 1 | _aVances Cuevas, Pedro |
| 942 |
_2ddc _cBK |
||
| 999 |
_c712 _d712 |
||